LIBRARY & INFORMATION CENTRE, KCAET, TAVANUR

ONLINE PUBLIC ACCESS CATALOGUE (OPAC)

Rasikan kathakal / (Record no. 5233)

MARC details
000 -LEADER
fixed length control field 00424cam a2200169ua 4500
041 ## - LANGUAGE CODE
Language code of text/sound track or separate title mal
082 ## - DEWEY DECIMAL CLASSIFICATION NUMBER
Classification number 894.812301
Item number HAR/RA
100 ## - MAIN ENTRY--AUTHOR NAME
Personal name Harisarma, A D .
245 ## - TITLE STATEMENT
Title Rasikan kathakal /
260 ## - PUBLICATION, DISTRIBUTION, ETC. (IMPRINT)
Place of publication Thuravoor :
Name of publisher Sree Narasimha Vilasam Book Depot ,
Year of publication 1955.
300 ## - PHYSICAL DESCRIPTION
Number of Pages 102 ; .
942 ## - ADDED ENTRY ELEMENTS (KOHA)
Koha item type Books
Holdings
Withdrawn status Lost status Damaged status Home library Current library Date acquired Full call number Accession Number Koha item type
Withdrawn   Damaged KAUAET Malayalam University 07/04/2012 894.812301 201 Books
free website counter